Lecciones sumarias de psicología : (Record no. 68791)

MARC details
000 -LEADER
campo de control de longitud fija 00891nam a2200229 i 4500
001 - NÚMERO DE CONTROL
campo de control 68791
003 - IDENTIFICADOR DE NÚMERO DE CONTROL
campo de control ES-MaACL
005 - FECHA Y HORA DE LA ÚLTIMA TRANSACCIÓN
campo de control 20250909230542.0
007 - CAMPO FIJO DE DESCRIPCIÓN FÍSICA--INFORMACIÓN GENERAL
campo de control de longitud fija t|
008 - DATOS DE LONGITUD FIJA--INFORMACIÓN GENERAL
campo de control de longitud fija 960415s1874 sp f |||| | spa d
080 ## - NÚMERO DE LA CLASIFICACIÓN DECIMAL UNIVERSAL
Número de la Clasificación Decimal Universal 159.9(02)
100 1# - ENTRADA PRINCIPAL--NOMBRE DE PERSONA
Nombre de persona Giner de los Ríos, Francisco,
Fechas asociadas al nombre 1839-1915
9 (RLIN) 57122
245 10 - MENCIÓN DEL TÍTULO
Título Lecciones sumarias de psicología :
Resto del título explicadas en la Escuela de Institutrices de Madrid por Francisco Giner de los Ríos /
Mención de responsabilidad, etc. y expuestas por Eduardo Soler y Alfredo Calderón.
260 ## - PUBLICACIÓN, DISTRIBUCIÓN, ETC.
Lugar de publicación, distribución, etc. Madrid :
Nombre del editor, distribuidor, etc. [s.n.],
Fecha de publicación, distribución, etc. 1874 (
Fabricante Imp. de J. Noguera, a cargo de M. Martínez)
300 ## - DESCRIPCIÓN FÍSICA
Extensión 239 p. ;
Dimensiones 18 cm.
650 #7 - PUNTO DE ACCESO ADICIONAL DE MATERIA--TÉRMINO DE MATERIA
Término de materia o nombre geográfico como elemento de entrada Psicología
Fuente del encabezamiento o término embne
9 (RLIN) 16540
700 1# - ENTRADA AGREGADA--NOMBRE PERSONAL
Nombre de persona Soler y Pérez, Eduardo,
Fechas asociadas al nombre 1845-1907
9 (RLIN) 140371
700 1# - ENTRADA AGREGADA--NOMBRE PERSONAL
Nombre de persona Calderón, Alfredo,
Fechas asociadas al nombre 1850-1907
9 (RLIN) 33593
710 2# - ENTRADA AGREGADA--NOMBRE DE ENTIDAD CORPORATIVA
Nombre de entidad corporativa o nombre de jurisdicción como elemento de entrada Escuela de Institutrices (Madrid)
9 (RLIN) 147288
852 ## - LOCALIZACIÓN
Ubicación ES-MaACL
Número de control de estantería T-294-F-1
Holdings
Estatus retirado Estado de pérdida Estado de daño No para préstamo Colección Biblioteca de origen Biblioteca actual Ubicación en estantería Fecha de adquisición Fuente de adquisición Total de préstamos Signatura topográfica completa Código de barras Visto por última vez Precio de reemplazo Tipo de ítem Koha
        Colección de folletos Biblioteca del Ateneo de Madrid Biblioteca del Ateneo de Madrid Depósito folletos 17/01/2008     T-294-F-1 1072025 23/02/2023 23/02/2023 Folleto